ព្យុះកំហឹង / (Record no. 1643)

MARC details
000 -LEADER
fixed length control field 01367nam a22002897a 4500
001 - CONTROL NUMBER
control field 1643
003 - CONTROL NUMBER IDENTIFIER
control field FISKH
005 - DATE AND TIME OF LATEST TRANSACTION
control field 20230912135648.0
008 - FIXED-LENGTH DATA ELEMENTS--GENERAL INFORMATION
fixed length control field 230912b cb ||||| |||| 00| 0 khr d
020 ## - INTERNATIONAL STANDARD BOOK NUMBER
International Standard Book Number 9789924341512
040 ## - CATALOGING SOURCE
Original cataloging agency FISKH
Language of cataloging eng
Transcribing agency FISKH
Modifying agency FISKH
082 ## - DEWEY DECIMAL CLASSIFICATION NUMBER
Classification number 152.47
100 ## - MAIN ENTRY--PERSONAL NAME
Personal name Allence, Mireille d'
245 ## - TITLE STATEMENT
Title ព្យុះកំហឹង /
Statement of responsibility, etc. និពន្ធនិងគូររូបដោយ មារ៉ី ដាឡង់សេ - បកប្រែពីភាសាបារាំងដោយ អ៊ូច សូលីដា​
260 ## - PUBLICATION, DISTRIBUTION, ETC.
Place of publication, distribution, etc. Paris :
Name of publisher, distributor, etc. Sipar,
Date of publication, distribution, etc. 2022.
300 ## - PHYSICAL DESCRIPTION
Extent 28 pages :
Other physical details color illustrations ;
Dimensions 20 cm
490 ## - SERIES STATEMENT
Series statement តស់អាន!
505 ## - FORMATTED CONTENTS NOTE
Formatted contents note J<br/>
520 ## - SUMMARY, ETC.
Summary, etc. ប៉ាពិន័យរ៉ូប៊ែរឳ្យនៅក្នុងបន្ទប់។ ស្រាប់តែ មានអ្វីម្យ៉ាង ចេញពីក្នុងមាត់គេ ហើយរឿងហេតុក៏កើតឡើង។
520 ## - SUMMARY, ETC.
Summary, etc. Dad punishes Robert in the room. Suddenly something came out of their mouth and something happened.
521 8# - TARGET AUDIENCE NOTE
Target audience note 500<br/>
Source Lexile estimate<br/>
521 8# - TARGET AUDIENCE NOTE
Target audience note J<br/>
Source Raz-Plus<br/>
650 ## - SUBJECT ADDED ENTRY--TOPICAL TERM
Topical term or geographic name entry element ពិន័យ
Form subdivision បន្ទប់
General subdivision មាត់
650 ## - SUBJECT ADDED ENTRY--TOPICAL TERM
Topical term or geographic name entry element Punish
Form subdivision Room
General subdivision Mouth
700 ## - ADDED ENTRY--PERSONAL NAME
Personal name Allence, Mireille d'
Relator term illustrator
942 ## - ADDED ENTRY ELEMENTS (KOHA)
Source of classification or shelving scheme Dewey Decimal Classification
Koha item type Khmer Books
Suppress in OPAC No
Holdings
Withdrawn status Lost status Source of classification or shelving scheme Damaged status Not for loan Collection Home library Current library Shelving location Date acquired Total Checkouts Full call number Barcode Date last seen Date last checked out Copy number Price effective from Koha item type
    Dewey Decimal Classification     Khmer Language Books / សៀវភៅភាសាខ្មែរ Footprints International School Library Network Toul Kork Campus Footprints International School Library Network Toul Kork Campus TK Campus, Room B402, Khmer Book Case 16, Shelves 112-123 / ទូរសៀវភៅខ្មែរលេខ ១៦​ ធ្នើរ ១១២ ដល់ ១២៣ បន្ទប់ B402 សាខាទួលគោក 09/12/2023 1 ALL 152.47 2023-0595 11/10/2025 02/14/2025 1 09/12/2023 Khmer Books
    Dewey Decimal Classification     Khmer Language Books / សៀវភៅភាសាខ្មែរ Footprints International School Library Network Toul Kork Campus Footprints International School Library Network Toul Kork Campus TK Campus, Room B402, Khmer Book Case 16, Shelves 112-123 / ទូរសៀវភៅខ្មែរលេខ ១៦​ ធ្នើរ ១១២ ដល់ ១២៣ បន្ទប់ B402 សាខាទួលគោក 09/12/2023 2 ALL 152.47 2023-0596 11/13/2025 08/22/2025 2 09/12/2023 Khmer Books